000 00350nam a22001217a 4500
040 _cHS
082 _a338
100 _aនាយកដ្ឋានផែនការ ស្ថិតិ
245 _aស្ថិតិកសិកម្ម 2005 2006Agricultural statistics 2005-2006
260 _aCambodia
_bPSO
_c2006
300 _a100p;
942 _cKB
999 _c9182
_d9182